DnD Skills - Statistics

General Stats
  • This quiz has been taken 28 times
  • The average score is 13 of 18
Answer Stats
Answer % Correct
Acrobatics
89%
Perception
89%
Stealth
89%
Athletics
83%
Deception
83%
Arcana
78%
History
78%
Persuasion
78%
Sleight of Hand
78%
Intimidation
72%
Animal Handling
67%
Insight
67%
Investigation
61%
Performance
61%
Religion
61%
Medicine
56%
Nature
56%
Survival
56%
No matching quizzes found
Score Distribution
Percent of People with Each Score
Percentile by Number Answered
Your Score History
You have not taken this quiz